| 000 | 00720cam a22002531 4500 | ||
|---|---|---|---|
| 001 | sa 66003601 | ||
| 003 | DLC | ||
| 005 | 20260227112237.0 | ||
| 008 | 900105s1965 ii b b 000 0 hino | ||
| 010 | _asa 66003601 | ||
| 035 | _a(OCoLC)20851020 | ||
| 040 |
_aDLC _cWaU _dWU _dDLC |
||
| 042 | _apremarc | ||
| 050 | 0 | 0 |
_aP121 _b.S25 |
| 100 | 1 | _aSaksena, Baburam. | |
| 245 | 1 | 0 |
_aSāmānya bhāshāvijñāna / _clekhak Baburam Saksena. |
| 250 | _a7. saṃskaraṇa. | ||
| 260 |
_aPrayāg : _bHindī Sāhitya Sammelana, _c[1965] |
||
| 300 |
_a22, 409 p. _bcol. fold. map. _c23 cm. |
||
| 500 | _aIn Hindi. | ||
| 504 | _aBibliography: p. [376]-378. | ||
| 650 | 0 | _aLanguage and languages. | |
| 650 | 0 | _aHindi language. | |
| 999 |
_c68986 _d68986 |
||